Statistics for Countries with the Lowest BMI / Body Mass Index

Click here to take the quiz!

General Stats

  • This quiz has been taken 16 times
  • The average score is 3 of 10

Answer Stats

BMI ScoreCountries% Correct
21.7Niger
71%
20.5Eritrea
64%
20.6Ethiopia
64%
21Bangladesh
29%
21.8North Korea
29%
21.6Vietnam
29%
20.9Burundi
14%
21.1Madagascar
14%
21.6Afghanistan
7%
21.2East Timor
7%

Score Distribution

Percentile by Number Answered

Percent of People with Each Score

Your Score History

You have not taken this quiz